Những gương mặt trí thức

Sách giới thiệu 71 gương mặt danh nhân trí thức từ thời Trần đến nay, phần lớn hoạt động sáng tạo ở các lĩnh vực tư tưởng, học thuật, nghiên cứu, phát kiến khoa học

Guardat en:
Dades bibliogràfiques
Format: Llibre
Idioma:Undetermined
Publicat: Hà Nội Văn hoá Thông tin 1998
Matèries:
Etiquetes: Afegir etiqueta
Sense etiquetes, Sigues el primer a etiquetar aquest registre!
Thư viện lưu trữ: Trung tâm Học liệu Trường Đại học Cần Thơ
LEADER 00742nam a2200181Ia 4500
001 CTU_35707
008 210402s9999 xx 000 0 und d
082 |a 920.0597 
082 |b Nh556/T.2 
245 0 |a Những gương mặt trí thức 
245 0 |c UNESCO 
260 |a Hà Nội 
260 |b Văn hoá Thông tin 
260 |c 1998 
520 |a Sách giới thiệu 71 gương mặt danh nhân trí thức từ thời Trần đến nay, phần lớn hoạt động sáng tạo ở các lĩnh vực tư tưởng, học thuật, nghiên cứu, phát kiến khoa học 
650 |a Celebrities 
650 |z Vietnam 
980 |a Trung tâm Học liệu Trường Đại học Cần Thơ